Introducción a la lógica /
Guardado en:
| Autor Principal: | |
|---|---|
| Formato: | Libro |
| Idioma: | Undetermined |
| Publicado: |
Buenos Aires :
Eudeba,
1973.
|
| Edición: | 13a. ed. |
| Series: | Manuales/Filosofía
|
| Materias: | |
| Etiquetas: |
Agregar Etiqueta
Sin Etiquetas, Sea el primero en etiquetar este registro!
|
| LEADER | 00552nam a22001935a 4500 | ||
|---|---|---|---|
| 001 | DER.der014930 | ||
| 008 | 231121s1973####ag############000#0#und#d | ||
| 005 | 20231226135457.0 | ||
| 245 | 1 | 0 | |a Introducción a la lógica / |c Irving M. Copi. |
| 250 | |a 13a. ed. | ||
| 260 | |a Buenos Aires : |b Eudeba, |c 1973. | ||
| 300 | |a 455 p. | ||
| 490 | 1 | |a Manuales/Filosofía | |
| 500 | |a Traducción de título: Introduction to logic. | ||
| 100 | 1 | |a Copi, Irving M. | |
| 650 | 7 | |a FILOSOFIA | |
| 650 | 7 | |a LOGICA | |
| 650 | 7 | |a FALACIA | |
| 859 | |a DERECHO |b BIB. DERECHO |h 160 |i COP |p 0010265 | ||
